000 00639nam a2200205Ii 4500
003 JO-AjNU
008 230605s9999||||xx |||||||||||||| ||und||
040 _aJO-AjNU
_bara
_erda
_cJO-AjNU
041 _aara
050 1 4 _aPJ6071.S2478 1978
100 3 _aتاليف الصالح، صبحي,
_eauthor
_926496
245 0 0 _aدراسات في فقه اللغة
250 _aط7
264 3 1 _aبيروت: دار العلم للملايين، 1978
300 _a403ص
336 _atext
_btxt
_2rdacontent
337 _aunmediated
_bn
_2rdamedia
338 _avolume
_bnc
_2rdacarrier
650 4 _aاللغة العربية - فقه
_926497
999 _aA10046
_c13614
_d13614